<?xml version="1.0" encoding="UTF-8"?>
<record
    xmlns:xsi="http://www.w3.org/2001/XMLSchema-instance"
    xsi:schemaLocation="http://www.loc.gov/MARC21/slim http://www.loc.gov/standards/marcxml/schema/MARC21slim.xsd"
    xmlns="http://www.loc.gov/MARC21/slim">

  <leader>00793nam a22001937a 4500</leader>
  <datafield tag="999" ind1=" " ind2=" ">
    <subfield code="c">167825</subfield>
    <subfield code="d">167825</subfield>
  </datafield>
  <controlfield tag="005">20190919173415.0</controlfield>
  <datafield tag="010" ind1=" " ind2=" ">
    <subfield code="a">UR-10485</subfield>
  </datafield>
  <datafield tag="020" ind1=" " ind2=" ">
    <subfield code="c">265.00</subfield>
    <subfield code="a">-</subfield>
  </datafield>
  <datafield tag="035" ind1=" " ind2=" ">
    <subfield code="a">U-9040</subfield>
  </datafield>
  <datafield tag="037" ind1=" " ind2=" ">
    <subfield code="b">DBAD/PUB</subfield>
    <subfield code="a">-</subfield>
  </datafield>
  <datafield tag="082" ind1=" " ind2=" ">
    <subfield code="a">840.8</subfield>
  </datafield>
  <datafield tag="100" ind1=" " ind2=" ">
    <subfield code="a">&#x645;&#x631; &#x62A;&#x628;&#x6C1;:&#x645;&#x634;&#x62A;&#x627; &#x642; &#x627; &#x62D;&#x645;&#x62F; &#x645;&#x634;&#x62A;&#x627; &#x642; </subfield>
  </datafield>
  <datafield tag="245" ind1=" " ind2=" ">
    <subfield code="a">&#x645;&#x641;&#x62A;&#x6CC; &#x645;&#x62D;&#x645;&#x62F; &#x62B;&#x646;&#x627;&#x621; &#x627; &#x644;&#x6C1;&#x62F;' &#x6CC; &#x642;&#x627; &#x633;&#x645;&#x6CC; :&#x634;&#x62E;&#x635;&#x64A;&#x62A; &#x627; &#x648; &#x631; &#x62E;&#x62F; &#x645;&#x627; &#x62A;    </subfield>
    <subfield code="c">&#x645;&#x631; &#x62A;&#x628;&#x6C1;:&#x645;&#x634;&#x62A;&#x627; &#x642; &#x627; &#x62D;&#x645;&#x62F; &#x645;&#x634;&#x62A;&#x627; &#x642; </subfield>
  </datafield>
  <datafield tag="246" ind1=" " ind2=" ">
    <subfield code="b">Mufti Mohd. Sana Ulhuda Qasmi:Shakhsiyat Aur Khidmaat  (Urdu)</subfield>
    <subfield code="a">by Dr.Mushtaq Ahmed Mushtaq </subfield>
  </datafield>
  <datafield tag="260" ind1=" " ind2=" ">
    <subfield code="a">N.Delhi</subfield>
    <subfield code="b">Shahid Publications</subfield>
    <subfield code="c">2011 &#x621;</subfield>
  </datafield>
  <datafield tag="270" ind1=" " ind2=" ">
    <subfield code="a">Jawahar Singh Market,1st floor Kucha Chelan,Dariya Ganj,</subfield>
    <subfield code="b">N.Delhi</subfield>
    <subfield code="e">110002</subfield>
    <subfield code="k">9871464966</subfield>
    <subfield code="l">-</subfield>
  </datafield>
  <datafield tag="300" ind1=" " ind2=" ">
    <subfield code="a">296 &#x635; </subfield>
    <subfield code="c">22 Cm(Hb)</subfield>
  </datafield>
  <datafield tag="942" ind1=" " ind2=" ">
    <subfield code="2">ddc</subfield>
    <subfield code="c">UR</subfield>
    <subfield code="h">840.8</subfield>
    <subfield code="m">&#x642; &#x627; &#x633; </subfield>
  </datafield>
  <datafield tag="952" ind1=" " ind2=" ">
    <subfield code="0">0</subfield>
    <subfield code="1">0</subfield>
    <subfield code="4">0</subfield>
    <subfield code="7">1</subfield>
    <subfield code="8">NFIC</subfield>
    <subfield code="a">DBAD</subfield>
    <subfield code="b">DBAD</subfield>
    <subfield code="d">2019-09-19</subfield>
    <subfield code="e">DBAD/PUB</subfield>
    <subfield code="g">265.00</subfield>
    <subfield code="l">0</subfield>
    <subfield code="o">840.8 &#x642; &#x627; &#x633;</subfield>
    <subfield code="p">U-9040</subfield>
    <subfield code="r">2019-09-19 00:00:00</subfield>
    <subfield code="t">1</subfield>
    <subfield code="v">265.00</subfield>
    <subfield code="w">2019-09-19</subfield>
    <subfield code="y">UR</subfield>
  </datafield>
</record>
